000 00499nam a2200169Ia 4500
999 _c23075
_d23075
003 OSt
005 20200213130635.0
008 190216s9999||||xx |||||||||||||| ||und||
020 _a9789382934844
040 _coclc
082 _a328.5405
_bKOY/N
100 _a Koya, C H Muhammed
_91956
245 0 _aNiyamasabha Chattangal /
_cC H Muhammed Koya
260 _bOlive Publications,
_c2013.
_aKozhikode:
300 _a106p
942 _cBK
_2ddc
_h328.5405
_iKOY/N
_k328.5405
_mKOY/N